1464 1285 1522 1585 1243 1529 1140 1853 1901 1816 1890 1057 1972 1029 1119 1536 1318 1845 1149 1248 1034 1049 1580 1039 1082 1175 1809 1334 1683 1980 1039 1384 1336 1197 1658 1879 1223 1867 1831 1283 1762 1886 1692 1352 1583 1175 1847 1980 1789 1669 1623 1138 1475 1649 1913 1218 1390 1245 1323 1456 1929 1529 1192 1959 1686 1428 1174 1154 1572 1955 1735 1158 1278 1207 1000 1508 1296 1704 1547 1469 1290 1541 1463 1113 1498 1519 1242 1358 1080 1121 1229 1009 1667 1013 1376 1446 1379 1129 1683 BCNSPRNW ULIB Ver.6.0+V

เปลี่ยนเป็นภาษาไทย

Change to English
 แสดงรายละเอียดบรรณานุกรม
  กลับหน้าหลัก

Brief Record : Get Marc (ISO 2709) : E-mail record : QR code < ปิดหน้าต่าง
LEADER : 00000nam 2200000uu 4500
001    13399127370
003     ULIB
008    200513s2020||||th 000 0 tha d
020    ^a9780323551281 (pbk.)
060 04 ^aQV748^bO34c
100 1  ^aOgden, Sheila J.,
245 10 ^aCalculation of drug dosages :^ba work text /^cSheila J.Ogden, Linda K. Fluharty
250    ^a11th ed.
260    ^aSt. Louis, Mo. :^bMosby/Elsevier,^c2020
300    ^axx, 615 p. :^bill. (some col.) ;^c28 cm.
504    ^aIncludes bibliographical references and index
650  0 ^aPharmaceutical arithmetic^xProgrammed instruction
650  0 ^aDrugs^xDosage^xProgrammed instruction
650  2 ^aPharmaceutical Preparations^xadministration & dosage^vProblems and Exercises
650  2 ^aDrug Dosage Calculations^vProblems and Exercises
700 1  ^aFluharty, Linda K.
945    ^p2125^l0^i007043
999    ^aอังศุธร กาญจนาโรจน์พันธ์
รายการนี้ยังไม่มีแท็ก
คุณยังไม่ได้ล็อกอิน คุณสามารถมีกิจกรรมร่วมกับเว็บไซต์ได้ แต่ต้องล็อกอินก่อน ::
  ล็อกอิน

รายการสื่อสารสนเทศ

ลำดับที่ ประเภท เลขเรียก/บาร์โค้ด สถานที่ สถานะ
1. วิทยาศาสตร์การแพทย์ และสุขภาพ
หนังสือสำรอง
สถานะ=หนังสือสำรอง
QV748 O34c ฉ.1 
  Barcode: 007043
ห้องสมุดวิทยาเขตสวรรค์ประชารักษ์
►หนังสือทั่วไป
บนชั้น

รายการใกล้เคียง
    ผู้แต่ง [Ogden, Sheila J.,]

BibComment


ยังไม่เคยถูกคอมเมนท์

คอมเมนท์ทรัพยากรรายการนี้
  คอมเมนท์: Calculation of d..


 Copyright 2026. Bcnsprnw @Library